Αφήστε με να πετάξω : κείμενα 4ου διαγωνισμού λογοτεχνικής έκφρασης εφήβων και νέων ; κείμενα από τη νεανική λογοτεχνική συντροφιά του Δήμου Βύρωνα
Saved in:
| Corporate Author: | |
|---|---|
| Format: | Book |
| Language: | Greek |
| Published: |
Αθήνα :
Δήμος Βύρωνα,
2018.
|
| Subjects: | |
| Tags: |
Add Tag
No Tags, Be the first to tag this record!
|
MARC
| LEADER | 00000cam a2200000 a 4500 | ||
|---|---|---|---|
| 001 | 1/118862 | ||
| 008 | 190524s2018####gr | ||| |||| ||gre|| | ||
| 020 | |a 9789608621046 | ||
| 040 | |a GR-MyUa |b gre |c GR-MyUa |e AACR2 | ||
| 041 | 0 | |a gre | |
| 082 | 7 | |a 808.8035235 |2 (23) | |
| 245 | 1 | 0 | |a Αφήστε με να πετάξω : |b κείμενα 4ου διαγωνισμού λογοτεχνικής έκφρασης εφήβων και νέων ; κείμενα από τη νεανική λογοτεχνική συντροφιά του Δήμου Βύρωνα / |c Δημοτική Βιβλιοθήκη Δήμου Βύρωνα. |
| 260 | |a Αθήνα : |b Δήμος Βύρωνα, |c 2018. | ||
| 300 | |a 269 σ. ; |c 21 εκ. | ||
| 500 | |a Άνω του τίτλου: "Στο βλέμμα του Μπάιρον" διακόσια τριάντα χρόνια από τη γέννηση του ποιητή | ||
| 650 | 0 | |a Young adult literature. | |
| 650 | 0 | |a Teenagers in literature. | |
| 650 | 0 | |a Greek literature |x History and criticism |x Literary collections. | |
| 710 | 2 | |a Δημοτική Βιβλιοθήκη Δήμου Βύρωνα. | |
| 852 | |a INST |b RHODES |e 20190524 |h 808.8035235 |p 005400040807 |q 005400040807 |t BK |y 0 | ||
| 970 | |a Κόζα |b Μαρία |z 24/05/2019 | ||